Oracion inaugural del año académico de 1879 á 1880 leida en la Universidad de Salamanca / (Record no. 158177)

MARC details
000 -LEADER
campo de control de longitud fija 00737nam a22001695i 4500
001 - NÚMERO DE CONTROL
campo de control 158177
003 - IDENTIFICADOR DE NÚMERO DE CONTROL
campo de control ES-MaACL
005 - FECHA Y HORA DE LA ÚLTIMA TRANSACCIÓN
campo de control 20250716063315.0
008 - DATOS DE LONGITUD FIJA--INFORMACIÓN GENERAL
campo de control de longitud fija 040825s1879 sp |||| | spa d
040 ## - FUENTE DE CATALOGACIÓN
Centro catalogador/agencia de origen CAM
Lengua de catalogación spa
Centro/agencia transcriptor CAM
100 1# - ENTRADA PRINCIPAL--NOMBRE DE PERSONA
Nombre de persona Luanco, José Ramón de,
Fechas asociadas al nombre 1825-1905
9 (RLIN) 74486
245 10 - MENCIÓN DEL TÍTULO
Título Oracion inaugural del año académico de 1879 á 1880 leida en la Universidad de Salamanca /
Mención de responsabilidad, etc. por José Ramon de Luanco.
260 ## - PUBLICACIÓN, DISTRIBUCIÓN, ETC.
Lugar de publicación, distribución, etc. Barcelona :
Nombre del editor, distribuidor, etc. [s.n.],
Fecha de publicación, distribución, etc. 1876 [i.e. 1879] (
Fabricante Imprenta de Jaime Jepús)
300 ## - DESCRIPCIÓN FÍSICA
Extensión 19 p. ;
Dimensiones 32 cm.
852 ## - LOCALIZACIÓN
Ubicación ES-MaACL
Número de control de estantería T-657-F-9
Nota libre -- Enc. hol. conservando la cub. original
-- -- Dedicatoria ms. del autor a Gustavo [¿ Saenz Diez ?]
-- -- Enc. en un vol. facticio
Holdings
Estatus retirado Estado de pérdida Estado de daño No para préstamo Colección Biblioteca de origen Biblioteca actual Ubicación en estantería Fecha de adquisición Total de préstamos Signatura topográfica completa Código de barras Visto por última vez Precio de reemplazo Tipo de ítem Koha
        Colección de folletos Biblioteca del Ateneo de Madrid Biblioteca del Ateneo de Madrid Depósito folletos 17/01/2008   T-657-F-9 1165547 23/02/2023 23/02/2023 Folleto